000 01185nam a22003377a 4500
003 CHAP
005 20220329135132.0
008 971013s1970 r 00010 d
010 _a31476
011 _a32448
035 _a36563
040 _cCHAP
090 _aTesis
100 0 0 _aMartínez Becker, Enrique.
_971853
245 _aPrueba comparativa de adaptación y rendimiento de 2 variedades y 4 híbridos de higuerilla enana en el municipio de General Escobedo, N.L.
260 _aMonterrey, N.L. :
_bEl autor,
_c1970
300 _a28 h
502 _aTesis (Ing. Agrónomo) -- Univ. de Nuevo León. Fac. de Agrónomía
590 _aALEPH
_b10
_c20130110
_lUCH01
_h1253
590 _aBATCH-UPD
_b10
_c20130110
_lUCH01
_h0127
590 _aBATCH-UPD
_b10
_c20130110
_lUCH01
_h1951
590 _aBATCH-UPD
_b10
_c20130410
_lUCH01
_h1312
590 _aBATCH-UPD
_b10
_c20130914
_lUCH01
_h1616
590 _aCONVERSION
_b10
_c20130109
_lUCH01
_h1318
650 1 4 _aHiguerilla
_xEfecto del medio ambiente.
_955366
650 1 4 _aHiguerilla
_xRendimiento.
_955369
650 1 4 _aHiguerilla
_xVariedades.
_955370
901 _aBK
942 _cTESIS
949 _bBC
_cTES
_d-84281
_eTS1
_i36563
_si
999 _c31476
_d31476